| 000 | 00422nam a2200193Ia 4500 | ||
|---|---|---|---|
| 005 | 20240823021559.0 | ||
| 008 | 240823s9999||||xx |||||||||||||| ||und|| | ||
| 041 | _aENGLISH | ||
| 082 | _A080 K8 | ||
| 100 | _aPhull D S | ||
| 245 | 0 | _aModen Interviews | |
| 250 | _a1st | ||
| 260 | _b"Bright," | ||
| 500 | _aTRANSFERED | ||
| 650 |
_aInterview _bGeneral |
||
| 700 | _a Shakti Batra | ||
| 942 | _cBK | ||
| 999 |
_c177315 _d177315 |
||